00676nam a2200205Ia 4500003000400000005001700004008004100021020001800062040001800080041000800098082002200106100001800128245015200146250001200298260004400310300002800354650003000382650002500412650003300437OSt20250304113201.0210716s2015 xx 000 0 und d a9781785286001 cAIMIT LIBRARY aeng a006.671 21bGARS aGarg, Shankar aCucumber cookbook : bover 35 hands on recipes to efficiently master the art of behaviour driven development using cucumber JVM /cBy Shankar Garg. a1st ed. aMumbai :bPackt Publishing Ltd ,c2015. aviii,139p. ;bPBc24 cm aCreating step definitions aConfiguring cucumber aBuilding cucumber frameworks